[Event "CRO-chT1A 30th"]
[Site "Porec"]
[Date "2022.09.24"]
[Round "1.3"]
[White "Mihalic, Goran"]
[Black "Rubil, Marko"]
[Result "1-0"]
[WhiteElo "2023"]
[BlackElo "2270"]
[PlyCount "75"]
[EventDate "2022.09.24"]
[EventType "team-tourn"]
[EventRounds "9"]
[EventCountry "CRO"]
[SourceTitle "CBM 210 Extra"]
[Source "ChessBase"]
[SourceDate "2022.11.30"]
[SourceVersion "1"]
[SourceVersionDate "2022.11.30"]
[SourceQuality "1"]
[WhiteTeam "Sesvete Agroproteinka"]
[BlackTeam "Pula"]
[WhiteTeamCountry "CRO"]
[BlackTeamCountry "CRO"]

1. Nf3 d5 2. g3 g6 3. Bg2 Bg7 4. d4 Nh6 5. 0-0 Nf5 6. c3 c6 7. Nbd2 Nd6 8. Ne5 Nd7 9. Nxd7 Bxd7 10. e4 dxe4 11. Nxe4 Nxe4 12. Bxe4 Bh3 13. Re1 0-0 14. Qb3 Qd7 15. Bf4 Rac8 16. Bf3 Be6 17. Qa3 a6 18. Qc5 Rfe8 19. a4 Bd5 20. Be4 Bf8 21. Qb6 e6 22. a5 Be7 23. h4 Kg7 24. Rad1 h6 25. b3 g5 26. hxg5 hxg5 27. Bc1 f5 28. Bg2 Bxg2 29. Kxg2 Qd5+ 30. f3 g4 31. Rd3 gxf3+ 32. Rxf3 Qd7 33. Bf4 Bf6 34. Be5 Rh8 35. Qc5 Qd5 36. Qe7+ Kg8 37. Qxf6 Rh7 38. Qg6+ 1-0

[Event "Pula op 34th"]
[Site "Pula"]
[Date "2022.06.24"]
[Round "8"]
[White "Rubil, Marko"]
[Black "Ghersinich, Enrico"]
[Result "1-0"]
[WhiteElo "2280"]
[BlackElo "2193"]
[PlyCount "157"]
[EventDate "2022.06.18"]
[EventType "swiss"]
[EventRounds "9"]
[EventCountry "CRO"]
[SourceTitle "CBM 209 Extra"]
[Source "ChessBase"]
[SourceDate "2022.09.30"]
[SourceVersion "1"]
[SourceVersionDate "2022.09.30"]
[SourceQuality "1"]

1. e4 c5 2. Nf3 d6 3. d4 cxd4 4. Nxd4 Nf6 5. Nc3 g6 6. Be3 Bg7 7. f3 0-0 8. Qd2 Nc6 9. Bc4 Bd7 10. 0-0-0 Rc8 11. Bb3 Nxd4 12. Bxd4 b5 13. Nd5 Nxd5 14. Bxg7 Kxg7 15. exd5 a5 16. a3 b4 17. axb4 axb4 18. h4 Kg8 19. h5 Qa5 20. Qd4 Bf5 21. Kd2 Rc5 22. hxg6 Bxg6 23. Ke3 Rfc8 24. Rd2 Qb5 25. g3 Qb6 26. g4 Qb5 27. Rc1 Qa6 28. Kf2 R8c7 29. f4 Rc4 30. Bxc4 Rxc4 31. Qe3 Re4 32. Qf3 Qc4 33. Kg3 f5 34. gxf5 Bxf5 35. Qf2 h5 36. Rh1 Bg4 37. Re1 Rxe1 38. Qxe1 Kf7 39. Qf2 Qe4 40. Kh2 Qc4 41. Rd4 Qc5 42. Qd2 Bf5 43. Rxb4 Bxc2 44. Rd4 Bf5 45. b4 Qb5 46. Qe1 Qa4 47. Qc3 Qa2+ 48. Rd2 Qb1 49. Rb2 Qf1 50. Qe3 Bg4 51. b5 Bf3 52. Qe6+ Kf8 53. Kg3 Bg4 54. Qh6+ Kf7 55. Qh7+ Ke8 56. Qh8+ Kd7 57. Qd4 Qh3+ 58. Kf2 h4 59. Ke1 Qh1+ 60. Kd2 h3 61. b6 h2 62. Qa4+ Kd8 63. Qa8+ Bc8 64. b7 Qxd5+ 65. Kc3 Qf3+ 66. Kb4 Qxf4+ 67. Ka3 Qe3+ 68. Ka2 Qe6+ 69. Rb3 h1Q 70. bxc8Q+ Qxc8 71. Qxh1 Qc2+ 72. Rb2 Qc4+ 73. Ka1 d5 74. Qh8+ Kd7 75. Rb7+ Ke6 76. Qh6+ Kf5 77. Qh5+ Kf6 78. Rb6+ Kg7 79. Qg6+ 1-0

[Event "Pula op 34th"]
[Site "Pula"]
[Date "2022.06.22"]
[Round "6"]
[White "Rubil, Marko"]
[Black "Cvitan, Ena"]
[Result "1/2-1/2"]
[WhiteElo "2280"]
[BlackElo "2228"]
[PlyCount "32"]
[EventDate "2022.06.18"]
[EventType "swiss"]
[EventRounds "9"]
[EventCountry "CRO"]
[SourceTitle "CBM 209 Extra"]
[Source "ChessBase"]
[SourceDate "2022.09.30"]
[SourceVersion "1"]
[SourceVersionDate "2022.09.30"]
[SourceQuality "1"]

1. e4 c6 2. d4 d5 3. e5 Bf5 4. c4 e6 5. Nc3 Ne7 6. h3 h6 7. Nf3 Be4 8. c5 Bxf3 9. Qxf3 b6 10. cxb6 Qxb6 11. Qd3 Nf5 12. Be3 Nxe3 13. fxe3 Be7 14. 0-0-0 Nd7 15. Qa6 0-0 16. Kb1 Rab8 1/2-1/2

[Event "EU-ch 22nd"]
[Site "Terme Catez"]
[Date "2022.04.06"]
[Round "11"]
[White "Rubil, Marko"]
[Black "Zlatkov, Anton"]
[Result "1/2-1/2"]
[WhiteElo "2293"]
[BlackElo "2081"]
[PlyCount "84"]
[EventDate "2022.03.27"]
[EventType "swiss"]
[EventRounds "11"]
[EventCountry "SLO"]
[SourceTitle "CBM 208"]
[Source "ChessBase"]
[SourceDate "2022.06.30"]
[SourceVersion "1"]
[SourceVersionDate "2022.06.30"]
[SourceQuality "1"]

1. e4 c5 2. Nf3 d6 3. d4 cxd4 4. Nxd4 Nf6 5. Nc3 Nc6 6. Bg5 e6 7. Qd2 a6 8. Nxc6 bxc6 9. 0-0-0 d5 10. Qe3 Be7 11. Bxf6 gxf6 12. Bc4 Qa5 13. exd5 cxd5 14. Nxd5 exd5 15. Bxd5 Rb8 16. Rhe1 Qc7 17. Rd3 Bf5 18. Rc3 Qd6 19. Rc6 Qb4 20. Bb3 Rb7 21. Rxa6 0-0 22. g4 Bg6 23. Ra4 Bc5 24. Qe2 Qb6 25. Ra6 Qd8 26. Qf3 Re8 27. Rd1 Rd7 28. Bd5 Bxf2 29. Ra8 Be3+ 30. Kb1 Qe7 31. Rxe8+ Qxe8 32. a4 Rc7 33. Bb3 Qe5 34. a5 Kg7 35. a6 Ba7 36. h4 Qh2 37. g5 Bxc2+ 38. Ka1 fxg5 39. hxg5 Qe5 40. Qf6+ Qxf6 41. gxf6+ Kxf6 42. Rc1 Rc5 1/2-1/2

[Event "EU-ch 22nd"]
[Site "Terme Catez"]
[Date "2022.04.02"]
[Round "7"]
[White "Rubil, Marko"]
[Black "Neverov, Valeriy"]
[Result "0-1"]
[WhiteElo "2293"]
[BlackElo "2453"]
[PlyCount "118"]
[EventDate "2022.03.27"]
[EventType "swiss"]
[EventRounds "11"]
[EventCountry "SLO"]
[SourceTitle "CBM 208"]
[Source "ChessBase"]
[SourceDate "2022.06.30"]
[SourceVersion "1"]
[SourceVersionDate "2022.06.30"]
[SourceQuality "1"]

1. e4 c5 2. Nf3 e6 3. d4 cxd4 4. Nxd4 a6 5. Bd3 Bc5 6. Nb3 Ba7 7. Qg4 Nf6 8. Qg3 d6 9. 0-0 0-0 10. Bh6 Ne8 11. N1d2 Nc6 12. c3 Ne5 13. Bc2 Ng6 14. Bg5 Qc7 15. Rae1 h6 16. Be3 e5 17. Nc1 Nf6 18. Bb3 Kh7 19. Nd3 b5 20. Kh1 a5 21. h4 Be6 22. Bxe6 fxe6 23. Qh3 Bxe3 24. Rxe3 Nf4 25. Nxf4 exf4 26. Rd3 Rae8 27. Re1 Qc5 28. Kg1 a4 29. Nf3 e5 30. Ng5+ hxg5 31. hxg5+ Kg8 32. gxf6 Rxf6 33. Qd7 Ref8 34. Rd5 Qc4 35. Qxb5 Qxa2 36. Red1 f3 37. Rxd6 Rxd6 38. Rxd6 Qb1+ 39. Kh2 fxg2 40. Qd5+ Kh7 41. Kxg2 Qxb2 42. Qd2 Qb7 43. Qe3 Kg8 44. Qd3 a3 45. Qd5+ Qxd5 46. Rxd5 Ra8 47. Rd1 Kf7 48. Kg3 a2 49. Ra1 Ke6 50. Kg4 Kd6 51. f3 Kc5 52. Kf5 Kc4 53. Kxe5 Kxc3 54. f4 Kb2 55. Rg1 a1Q 56. Rxa1 Rxa1 57. f5 Kc3 58. Ke6 Kd4 59. Kf7 Kxe4 0-1

[Event "EU-ch 22nd"]
[Site "Terme Catez"]
[Date "2022.03.29"]
[Round "3"]
[White "Rubil, Marko"]
[Black "Kaasen, Tor Fredrik"]
[Result "0-1"]
[WhiteElo "2293"]
[BlackElo "2460"]
[PlyCount "62"]
[EventDate "2022.03.27"]
[EventType "swiss"]
[EventRounds "11"]
[EventCountry "SLO"]
[SourceTitle "CBM 208"]
[Source "ChessBase"]
[SourceDate "2022.06.30"]
[SourceVersion "1"]
[SourceVersionDate "2022.06.30"]
[SourceQuality "1"]

1. e4 c5 2. Nf3 d6 3. d4 cxd4 4. Nxd4 Nf6 5. Nc3 Nc6 6. Bg5 e6 7. Qd2 a6 8. 0-0-0 Bd7 9. f4 Be7 10. Kb1 h6 11. Bh4 Qc7 12. Be2 0-0 13. Bf2 b5 14. Bf3 Rac8 15. Nb3 b4 16. Na4 Rb8 17. g4 Na5 18. Nxa5 Qxa5 19. g5 hxg5 20. fxg5 Bxa4 21. gxf6 Bxf6 22. Qxd6 Bxc2+ 23. Kxc2 Qxa2 24. Rd2 Rfd8 25. Qxd8+ Bxd8 26. Bd4 Bg5 27. Rg1 Rc8+ 28. Kd1 Qb3+ 29. Ke2 Bxd2 30. Rxg7+ Kf8 31. Bh5 Qc4+ 0-1

[Event "AUT-chT 2122"]
[Site "Austria"]
[Date "2022.03.24"]
[Round "5.4"]
[White "Rubil, Marko"]
[Black "Blohberger, Felix"]
[Result "1-0"]
[WhiteElo "2291"]
[BlackElo "2490"]
[PlyCount "157"]
[EventDate "2021.11.04"]
[EventType "team-tourn"]
[EventRounds "11"]
[EventCountry "AUT"]
[SourceTitle "EXT 2023"]
[Source "ChessBase"]
[SourceDate "2022.10.05"]
[SourceVersion "1"]
[SourceVersionDate "2022.10.05"]
[SourceQuality "1"]
[WhiteTeam "Pamhagen"]
[BlackTeam "Wien Ottakring"]
[WhiteTeamCountry "AUT"]
[BlackTeamCountry "AUT"]

1. e4 Nc6 2. d4 d5 3. e5 Bf5 4. c3 e6 5. f4 Nge7 6. Nf3 Ng6 7. Bd3 Nh4 8. 0-0 Bxd3 9. Qxd3 Nxf3+ 10. Rxf3 Qd7 11. b3 0-0-0 12. Nd2 f6 13. a4 Ne7 14. Nf1 Nf5 15. Ne3 Nh4 16. Rh3 Ng6 17. Nc2 Be7 18. b4 Rdf8 19. b5 Kb8 20. Be3 fxe5 21. fxe5 Nh4 22. Nb4 Nf5 23. Rb1 Bxb4 24. Rxb4 Qf7 25. Rb1 Qg6 26. Bc1 h5 27. Ba3 Rf7 28. a5 b6 29. Rc1 Qg4 30. Rf1 g5 31. Rhf3 Nh4 32. Rg3 Rxf1+ 33. Qxf1 Qe4 34. a6 Nf5 35. Rd3 g4 36. Bc1 Rg8 37. Rd1 h4 38. Qd3 Qxd3 39. Rxd3 c6 40. bxc6 Kc7 41. Rd2 Kxc6 42. Rb2 b5 43. Kf2 Kb6 44. Ra2 Rc8 45. Ba3 g3+ 46. hxg3 hxg3+ 47. Ke2 Rc4 48. Bc5+ Kc6 49. Bxa7 Ra4 50. Rxa4 bxa4 51. Bc5 Nh4 52. c4 Nxg2 53. cxd5+ exd5 54. Kf3 Nf4 55. Kxg3 Ne6 56. Kg4 a3 57. a7 Kb7 58. Bxa3 Nxd4 59. Bc5 Ne6 60. Bb6 d4 61. Kf3 d3 62. Be3 Nd8 63. Kf2 Ne6 64. Ke1 Nf8 65. Kd2 Ne6 66. Kxd3 Nc7 67. Ke4 Ne6 68. Kd5 Ng7 69. Bb6 Nh5 70. Kd6 Ng7 71. Kd7 Ka8 72. Ke7 Nh5 73. Be3 Ng7 74. Kf7 Nf5 75. Bc5 Nh6+ 76. Kg6 Ng4 77. e6 Ne5+ 78. Kf5 Nc6 79. Ke4 1-0

[Event "AUT-chT 2122"]
[Site "Austria"]
[Date "2021.11.04"]
[Round "1.2"]
[White "Rubil, Marko"]
[Black "Brunello, Sabino"]
[Result "0-1"]
[WhiteElo "2291"]
[BlackElo "2498"]
[PlyCount "74"]
[EventDate "2021.11.04"]
[EventType "team-tourn"]
[EventRounds "11"]
[EventCountry "AUT"]
[SourceTitle "CBM 205 Extra"]
[Source "ChessBase"]
[SourceDate "2022.01.31"]
[SourceVersion "1"]
[SourceVersionDate "2022.01.31"]
[SourceQuality "1"]
[WhiteTeam "Pamhagen"]
[BlackTeam "Raika Feffernitz"]
[WhiteTeamCountry "AUT"]
[BlackTeamCountry "AUT"]

1. e4 e5 2. Nf3 Nc6 3. Bb5 a6 4. Ba4 Nf6 5. 0-0 Be7 6. Re1 b5 7. Bb3 d6 8. c3 0-0 9. h3 Nb8 10. d3 Nbd7 11. Nbd2 c5 12. Nf1 Nb6 13. Ne3 Be6 14. Bc2 h6 15. d4 exd4 16. cxd4 Re8 17. b3 Bf8 18. Bb2 Ra7 19. Qd2 Bc8 20. Rad1 c4 21. d5 Nxe4 22. Qd4 Nc5 23. b4 Nca4 24. Ba1 Rae7 25. Nh4 Re5 26. Nf3 R5e7 27. Nh4 c3 28. Rc1 g6 29. Nf3 Bg7 30. Qd1 Nb2 31. Bxb2 cxb2 32. Rb1 Qc7 33. Bb3 Qc3 34. Qd2 Qxd2 35. Nxd2 Bf5 36. Rbd1 Bc3 37. a3 Bxd2 0-1

[Event "CRO-chT1B 29th"]
[Site "Mali Losinj"]
[Date "2021.10.02"]
[Round "10.5"]
[White "Rubil, Marko"]
[Black "Safar, Sandro"]
[Result "0-1"]
[WhiteElo "2304"]
[BlackElo "2240"]
[PlyCount "118"]
[EventDate "2021.09.25"]
[EventType "team-tourn"]
[EventRounds "11"]
[EventCountry "CRO"]
[SourceTitle "CBM 204 Extra"]
[Source "ChessBase"]
[SourceDate "2021.11.30"]
[SourceVersion "1"]
[SourceVersionDate "2021.11.30"]
[SourceQuality "1"]
[WhiteTeam "Slavonski Brod Djakovic"]
[BlackTeam "Rijeka Junior"]
[WhiteTeamCountry "CRO"]
[BlackTeamCountry "CRO"]

1. e4 e6 2. d4 d5 3. e5 c5 4. c3 Nc6 5. Nf3 Bd7 6. Be2 Nge7 7. Na3 cxd4 8. cxd4 Nf5 9. Nc2 Qb6 10. 0-0 Na5 11. Ne3 Nxe3 12. fxe3 Be7 13. Qe1 Bb5 14. e4 0-0-0 15. exd5 Rxd5 16. Be3 Bxe2 17. Qxe2 Nc6 18. Rac1 Kb8 19. Kh1 Rf8 20. a3 h6 21. Bg1 Re8 22. b4 a6 23. Qe4 Qd8 24. Qh7 Bf8 25. Rc4 f5 26. Qg6 Re7 27. Rfc1 Qe8 28. Nh4 Qxg6 29. Nxg6 Re8 30. Nf4 Rd7 31. Rxc6 bxc6 32. Rxc6 a5 33. Rxe6 Rxe6 34. Nxe6 axb4 35. Nxf8 Rf7 36. axb4 Rxf8 37. d5 Rd8 38. d6 Kc8 39. Bd4 Kd7 40. Kg1 g6 41. Kf2 Rb8 42. Bc5 Ke6 43. d7 Rd8 44. Bd6 Rxd7 45. Ke3 Kd5 46. Kf4 Ra7 47. h3 Ra3 48. g4 Ke6 49. gxf5+ gxf5 50. h4 Rc3 51. h5 Rh3 52. Bc7 Rh4+ 53. Kg3 Rxb4 54. Bd6 Rg4+ 55. Kh3 Rg8 56. Bc7 f4 57. Kh4 f3 58. Bb6 Kxe5 59. Be3 Ke4 0-1

[Event "CRO-chT1B 29th"]
[Site "Mali Losinj"]
[Date "2021.09.30"]
[Round "8.4"]
[White "Rubil, Marko"]
[Black "Ostovic, Matija"]
[Result "1/2-1/2"]
[WhiteElo "2304"]
[BlackElo "2392"]
[PlyCount "89"]
[EventDate "2021.09.25"]
[EventType "team-tourn"]
[EventRounds "11"]
[EventCountry "CRO"]
[SourceTitle "CBM 204 Extra"]
[Source "ChessBase"]
[SourceDate "2021.11.30"]
[SourceVersion "1"]
[SourceVersionDate "2021.11.30"]
[SourceQuality "1"]
[WhiteTeam "Slavonski Brod Djakovic"]
[BlackTeam "Novo Virje Konaki"]
[WhiteTeamCountry "CRO"]
[BlackTeamCountry "CRO"]

1. e4 d6 2. d4 Nf6 3. Nc3 e5 4. Nf3 Nbd7 5. Rg1 g6 6. g4 h6 7. Be3 c6 8. a4 Bg7 9. dxe5 dxe5 10. Qd2 Qa5 11. g5 hxg5 12. Nxg5 0-0 13. f3 Qb4 14. b3 Nc5 15. Bc4 Bd7 16. Ne2 Qxd2+ 17. Kxd2 b6 18. Bxc5 bxc5 19. Kc3 Nh5 20. Rad1 Be8 21. Rd6 Kh8 22. Kd2 Bf6 23. Ke3 Be7 24. Rd3 f5 25. Ne6 Rf6 26. Nc7 fxe4 27. fxe4 Rc8 28. Nxe8 Rxe8 29. Rd7 Bf8 30. Ng3 Bh6+ 31. Ke2 Nf4+ 32. Ke1 a5 33. Rf1 Ref8 34. Kd1 Ng2 35. Rxf6 Rxf6 36. Rd8+ Kg7 37. Rd7+ Kf8 38. Ke2 Be3 39. Nh1 Bd4 40. Ra7 Bc3 41. Nf2 Nf4+ 42. Kd1 Ng2 43. Ke2 Nf4+ 44. Kd1 Ng2 45. Ke2 1/2-1/2

[Event "CRO-chT1B 29th"]
[Site "Mali Losinj"]
[Date "2021.09.29"]
[Round "6.3"]
[White "Rubil, Marko"]
[Black "Drmic, Tomislav"]
[Result "1/2-1/2"]
[WhiteElo "2304"]
[BlackElo "2257"]
[PlyCount "113"]
[EventDate "2021.09.25"]
[EventType "team-tourn"]
[EventRounds "11"]
[EventCountry "CRO"]
[SourceTitle "CBM 204 Extra"]
[Source "ChessBase"]
[SourceDate "2021.11.30"]
[SourceVersion "1"]
[SourceVersionDate "2021.11.30"]
[SourceQuality "1"]
[WhiteTeam "Slavonski Brod Djakovic"]
[BlackTeam "Djakovo Limmont"]
[WhiteTeamCountry "CRO"]
[BlackTeamCountry "CRO"]

1. e4 e6 2. d4 d5 3. e5 c5 4. c3 Nc6 5. Nf3 Nh6 6. Na3 cxd4 7. cxd4 Bxa3 8. bxa3 Nf5 9. Qd2 0-0 10. Bd3 Nh4 11. Nxh4 Qxh4 12. Bb2 Bd7 13. 0-0 Rac8 14. g3 Qe7 15. f4 f6 16. Rac1 Rc7 17. Rc3 Rfc8 18. Rfc1 Be8 19. Kf2 Bh5 20. h3 Qf7 21. Kg2 Bg6 22. a4 Bxd3 23. Qxd3 Na5 24. f5 Nc4 25. Ba3 fxe5 26. fxe6 Qxe6 27. dxe5 Qxe5 28. Rd1 Nxa3 29. Rxa3 Rc2+ 30. Kg1 Rc1 31. Rb3 R8c3 32. Rxc3 Rxc3 33. Qxd5+ Qxd5 34. Rxd5 Rxg3+ 35. Kh2 Ra3 36. Rd8+ Kf7 37. Rd7+ Kf6 38. Rxb7 Rxa2+ 39. Kg3 Rxa4 40. Rc7 Kg6 41. Rc6+ Kh5 42. Rc5+ Kh6 43. Rc6+ g6 44. Rc7 a5 45. Ra7 Ra2 46. Kh4 a4 47. Kg3 a3 48. Kf3 Ra1 49. h4 a2 50. Kg2 Rc1 51. Rxa2 Kh5 52. Ra4 h6 53. Rb4 Rc3 54. Ra4 g5 55. hxg5 hxg5 56. Rb4 g4 57. Rb8 1/2-1/2

[Event "CRO-chT1B 29th"]
[Site "Mali Losinj"]
[Date "2021.09.27"]
[Round "4.2"]
[White "Rubil, Marko"]
[Black "Muse, Drazen"]
[Result "1-0"]
[WhiteElo "2304"]
[BlackElo "2328"]
[PlyCount "73"]
[EventDate "2021.09.25"]
[EventType "team-tourn"]
[EventRounds "11"]
[EventCountry "CRO"]
[SourceTitle "CBM 204 Extra"]
[Source "ChessBase"]
[SourceDate "2021.11.30"]
[SourceVersion "1"]
[SourceVersionDate "2021.11.30"]
[SourceQuality "1"]
[WhiteTeam "Slavonski Brod Djakovic"]
[BlackTeam "Strigova Stridon"]
[WhiteTeamCountry "CRO"]
[BlackTeamCountry "CRO"]

1. e4 e5 2. Nf3 d6 3. d4 exd4 4. Nxd4 Nf6 5. Nc3 Be7 6. Bf4 0-0 7. Qd2 Nc6 8. 0-0-0 Nxd4 9. Qxd4 Be6 10. f3 a6 11. g4 b5 12. h4 c5 13. Qd2 b4 14. Nd5 Nxd5 15. exd5 Bd7 16. g5 Bf5 17. Bc4 a5 18. Rhe1 Qd7 19. Qe2 Bd8 20. Bb5 Qc7 21. Bc6 Rb8 22. Qh2 Be7 23. Rxe7 Qxe7 24. Bxd6 Qe3+ 25. Qd2 Qxf3 26. Bxc5 Rfc8 27. Ba7 b3 28. axb3 Rb4 29. Qf2 Qxf2 30. Bxf2 a4 31. bxa4 Rf4 32. Be1 f6 33. gxf6 Bg4 34. Rd3 gxf6 35. b4 Re4 36. Bc3 f5 37. d6 1-0

[Event "CRO-chT1B 29th"]
[Site "Mali Losinj"]
[Date "2021.09.26"]
[Round "2.14"]
[White "Rubil, Marko"]
[Black "Novak, Ivan2222"]
[Result "0-1"]
[WhiteElo "2304"]
[BlackElo "2239"]
[PlyCount "60"]
[EventDate "2021.09.25"]
[EventType "team-tourn"]
[EventRounds "11"]
[EventCountry "CRO"]
[SourceTitle "CBM 204 Extra"]
[Source "ChessBase"]
[SourceDate "2021.11.30"]
[SourceVersion "1"]
[SourceVersionDate "2021.11.30"]
[SourceQuality "1"]
[WhiteTeam "Slavonski Brod Djakovic"]
[BlackTeam "Mihovljan Sloboda"]
[WhiteTeamCountry "CRO"]
[BlackTeamCountry "CRO"]

1. e4 d5 2. exd5 Nf6 3. Bb5+ Nbd7 4. c4 a6 5. Bxd7+ Bxd7 6. Nf3 e6 7. Qe2 Be7 8. dxe6 Bxe6 9. d4 0-0 10. 0-0 Re8 11. Be3 Ng4 12. Nc3 Bb4 13. Rac1 b5 14. b3 bxc4 15. bxc4 Ba3 16. Rb1 Bf5 17. Rb3 Bd6 18. Qd2 Nxe3 19. fxe3 Qd7 20. Qf2 Bd3 21. c5 Bxf1 22. Qxf1 Bf8 23. e4 h6 24. Qc4 Qc6 25. Qd5 Qf6 26. Qd7 Qf4 27. e5 Qe3+ 28. Kf1 Qd3+ 29. Kf2 Bxc5 30. dxc5 Qxd7 0-1

[Event "AUT-chT2O 1920"]
[Site "Austria"]
[Date "2020.01.19"]
[Round "7.1"]
[White "Rubil, Marko"]
[Black "Schroll, Gerhard"]
[Result "1-0"]
[WhiteElo "2290"]
[BlackElo "2317"]
[PlyCount "45"]
[EventDate "2019.10.19"]
[EventType "team-tourn"]
[EventRounds "11"]
[EventCountry "AUT"]
[SourceTitle "CBM 195 Extra"]
[Source "ChessBase"]
[SourceDate "2020.05.31"]
[SourceVersion "1"]
[SourceVersionDate "2020.05.31"]
[SourceQuality "1"]
[WhiteTeam "Baden Invest"]
[BlackTeam "Mattersburg"]
[WhiteTeamCountry "AUT"]
[BlackTeamCountry "AUT"]

1. e4 Nf6 2. e5 Nd5 3. d4 d6 4. c4 Nb6 5. f4 g6 6. Nc3 Bg7 7. Be3 0-0 8. c5 N6d7 9. h4 c6 10. h5 Re8 11. hxg6 hxg6 12. e6 fxe6 13. Bd3 Nf8 14. Qc2 e5 15. dxe5 Na6 16. Bxg6 Nb4 17. Qb3+ Be6 18. Bh7+ Kf7 19. Qxb4 Nxh7 20. Rxh7 dxc5 21. Qe4 Qc8 22. Nf3 b6 23. Ng5+ 1-0

[Event "AUT-chT2O 1920"]
[Site "Austria"]
[Date "2019.11.17"]
[Round "4.1"]
[White "Pacher, Milan"]
[Black "Rubil, Marko"]
[Result "1/2-1/2"]
[WhiteElo "2437"]
[BlackElo "2290"]
[PlyCount "60"]
[EventDate "2019.10.19"]
[EventType "team-tourn"]
[EventRounds "11"]
[EventCountry "AUT"]
[SourceTitle "CBM 193 Extra"]
[Source "ChessBase"]
[SourceDate "2020.01.31"]
[SourceVersion "1"]
[SourceVersionDate "2020.01.31"]
[SourceQuality "1"]
[WhiteTeam "Wien Austria"]
[BlackTeam "Baden Invest"]
[WhiteTeamCountry "AUT"]
[BlackTeamCountry "AUT"]

1. e4 e5 2. Nf3 Nc6 3. Bb5 a6 4. Ba4 Nf6 5. 0-0 Be7 6. Re1 b5 7. Bb3 d6 8. c3 0-0 9. h3 Na5 10. Bc2 c5 11. d4 Qc7 12. Nbd2 Nc6 13. d5 Nd8 14. a4 Rb8 15. Nf1 Ne8 16. b3 g6 17. g4 Ng7 18. Ng3 f6 19. Be3 Nf7 20. Qd2 Bd7 21. axb5 axb5 22. Bd3 Ra8 23. Kg2 Qb7 24. Qb2 Rfb8 25. Nd2 Kh8 26. f3 Rg8 27. Rxa8 Rxa8 28. Ra1 Ra6 29. Nb1 Ne8 30. h4 Nc7 1/2-1/2

[Event "AUT-chT2O 1920"]
[Site "Austria"]
[Date "2019.10.19"]
[Round "1.2"]
[White "Videki, Sandor"]
[Black "Rubil, Marko"]
[Result "1/2-1/2"]
[WhiteElo "2405"]
[BlackElo "2290"]
[PlyCount "41"]
[EventDate "2019.10.19"]
[EventType "team-tourn"]
[EventRounds "11"]
[EventCountry "AUT"]
[SourceTitle "CBM 192 Extra"]
[Source "Chessbase"]
[SourceDate "2019.11.06"]
[SourceVersion "1"]
[SourceVersionDate "2019.11.06"]
[SourceQuality "1"]
[WhiteTeam "Pressbaum"]
[BlackTeam "Baden Invest"]
[WhiteTeamCountry "AUT"]
[BlackTeamCountry "AUT"]

1. Nf3 Nf6 2. c4 c6 3. Nc3 d5 4. d4 dxc4 5. e3 b5 6. a4 b4 7. Na2 a5 8. Bxc4 e6 9. 0-0 Be7 10. Bd2 0-0 11. Nc1 Nbd7 12. Qe2 Ne4 13. Rd1 Bb7 14. Nb3 Qb6 15. Be1 Rfd8 16. Nfd2 Nxd2 17. Rxd2 c5 18. Bb5 Bd5 19. Nxc5 Nxc5 20. dxc5 Bxc5 21. Rad1 1/2-1/2